Vincent Rybár

Bibliographic Details
Main Author: Cabadaj, Peter, 1966- (Author)
Format: Article
Language:Slovak
ISSN:0862-8823
Subjects:

MARC

LEADER 00000nab a2200000 a 4500
001 vtls000561324
003 SK-MaSNL
005 20260303015354.0
008 160216c xo 0 slo
015 |a SNBRB19rr/mm-uuuuu 
035 |a CL0561462 
040 |a SNKBUCL  |b slo  |c SNKBUCL  |e AACR2 
041 0 |a slo 
044 |a xo  |c SK 
080 |a 78.071.2:787.1:784.4  |2 1981 
080 |a 787.1  |2 1981 
080 |a 784.4  |2 1981 
080 |a 929 Rybár, Vincent  |2 1981 
100 1 |a Cabadaj, Peter,  |d 1966-  |4 aut  |9 98153 
245 1 0 |a Vincent Rybár  |c Peter Cabadaj 
600 1 7 |a Rybár, Vincent,  |d 1915-1999  |2 snkbucl  |9 211935 
655 7 |a články z novín a časopisov  |2 snkbucl  |9 267496 
773 0 |t Slovenské národné noviny  |g Roč. 6 (10), č. 28 (1995), s. 4  |x 0862-8823 
850 |a Slovenská národná knižnica v Martine  |a MTA001 
852 |a SNK  |b KIS3GCP 
958 |a BX 
958 |a RK 
958 |a SK 
992 |a RBX 
999 |c 1612413  |d 1614343